[Event "Bad Woerishofen op 36th"]
[Site "Bad Woerishofen"]
[Date "2020.03.06"]
[Round "1"]
[White "Gundersen, Helge Folmer"]
[Black "Karpatchev, Aleksandr"]
[Result "0-1"]
[WhiteElo "2101"]
[BlackElo "2412"]
[PlyCount "42"]
[EventDate "2020.03.06"]
[EventType "swiss"]
[EventRounds "9"]
[EventCountry "GER"]
[SourceTitle "CBM 195 Extra"]
[Source "ChessBase"]
[SourceDate "2020.05.31"]
[SourceVersion "1"]
[SourceVersionDate "2020.05.31"]
[SourceQuality "1"]

1. e4 e5 2. Nc3 Nc6 3. f4 Bc5 4. Nf3 d6 5. Bb5 Nge7 6. Na4 0-0 7. Nxc5 dxc5 8. Bxc6 Nxc6 9. d3 exf4 10. Bxf4 f5 11. e5 h6 12. h4 Be6 13. Qd2 Bd5 14. Bxh6 gxh6 15. Qxh6 Qe7 16. c4 Bxf3 17. gxf3 Qg7 18. Qxg7+ Kxg7 19. f4 Rad8 20. Rh3 Rd4 21. Rf3 Rh8 0-1

[Event "Wch Seniors 65 29th"]
[Site "Bucharest"]
[Date "2019.11.23"]
[Round "11"]
[White "Meulders, Richard"]
[Black "Gundersen, Helge Folmer"]
[Result "1/2-1/2"]
[WhiteElo "2193"]
[BlackElo "2079"]
[PlyCount "84"]
[EventDate "2019.11.12"]
[EventType "swiss"]
[EventRounds "11"]
[EventCountry "ROU"]
[SourceTitle "CBM 193 Extra"]
[Source "ChessBase"]
[SourceDate "2020.01.31"]
[SourceVersion "1"]
[SourceVersionDate "2020.01.31"]
[SourceQuality "1"]

1. d4 e6 2. Nf3 f5 3. g3 Nf6 4. Bg2 d5 5. 0-0 c6 6. c4 Bd6 7. Bf4 Bxf4 8. gxf4 0-0 9. Nbd2 Ne4 10. e3 Bd7 11. Ne5 Nxd2 12. Qxd2 Be8 13. b4 Nd7 14. a4 Nxe5 15. dxe5 dxc4 16. Qc1 Qe7 17. Qxc4 Bh5 18. Rfc1 Rfd8 19. b5 cxb5 20. axb5 Qd7 21. Qc7 Rac8 22. Qxd7 Rxc1+ 23. Rxc1 Rxd7 24. Rc8+ Kf7 25. f3 Ke7 26. Ra8 b6 27. Kf2 Be8 28. Bf1 Rd2+ 29. Ke1 Ra2 30. Bc4 Ra1+ 31. Kd2 Bd7 32. h4 h5 33. e4 g6 34. exf5 gxf5 35. Rh8 Ra3 36. Rh7+ Kd8 37. Rh8+ Ke7 38. Rh7+ Kd8 39. Bd3 Be8 40. Ke2 Ra2+ 41. Ke3 Ra3 42. Kd4 Ra4+ 1/2-1/2

[Event "Wch Seniors 65 29th"]
[Site "Bucharest"]
[Date "2019.11.15"]
[Round "4"]
[White "Gundersen, Helge Folmer"]
[Black "Heinig, Wolfram"]
[Result "1/2-1/2"]
[WhiteElo "2079"]
[BlackElo "2241"]
[PlyCount "36"]
[EventDate "2019.11.12"]
[EventType "swiss"]
[EventRounds "11"]
[EventCountry "ROU"]
[SourceTitle "CBM 193 Extra"]
[Source "ChessBase"]
[SourceDate "2020.01.31"]
[SourceVersion "1"]
[SourceVersionDate "2020.01.31"]
[SourceQuality "1"]

1. e4 c6 2. d4 d5 3. Nc3 dxe4 4. Nxe4 Bf5 5. Ng3 Bg6 6. Nf3 Nd7 7. h4 h6 8. h5 Bh7 9. Bd3 Bxd3 10. Qxd3 e6 11. Bd2 Ngf6 12. 0-0-0 Be7 13. Kb1 0-0 14. Ne4 Nxe4 15. Qxe4 Nf6 16. Qe2 Qd5 17. c4 Qe4+ 18. Qxe4 Nxe4 1/2-1/2

[Event "Wch Seniors 65 29th"]
[Site "Bucharest"]
[Date "2019.11.14"]
[Round "3"]
[White "Shevelev, Arkady"]
[Black "Gundersen, Helge Folmer"]
[Result "1/2-1/2"]
[WhiteElo "2282"]
[BlackElo "2079"]
[PlyCount "86"]
[EventDate "2019.11.12"]
[EventType "swiss"]
[EventRounds "11"]
[EventCountry "ROU"]
[SourceTitle "CBM 193 Extra"]
[Source "ChessBase"]
[SourceDate "2020.01.31"]
[SourceVersion "1"]
[SourceVersionDate "2020.01.31"]
[SourceQuality "1"]

1. e4 e6 2. d4 d5 3. Nd2 Nc6 4. Ngf3 Nf6 5. e5 Nd7 6. Bb5 Ncb8 7. 0-0 c5 8. dxc5 Bxc5 9. Nb3 Be7 10. c3 Nc6 11. Nbd4 Qc7 12. Re1 a6 13. Ba4 b5 14. Nxc6 Qxc6 15. Bc2 Qc7 16. Bf4 h6 17. Nd4 Nb8 18. a4 bxa4 19. Bxa4+ Bd7 20. Bg3 Bxa4 21. Qxa4+ Qd7 22. Kf1 Qxa4 23. Rxa4 Kd7 24. Rea1 Rc8 25. Ke2 Ra7 26. Kd3 Rb7 27. R1a2 Bc5 28. Nc2 Bb6 29. h4 a5 30. h5 Na6 31. Rg4 Nc5+ 32. Ke2 Rg8 33. f3 g5 34. hxg6 fxg6 35. b4 axb4 36. cxb4 Nb3 37. Ra3 Rc7 38. Kd1 Rgc8 39. Rxg6 Rxc2 40. Rg7+ Ke8 41. Rg8+ Kd7 42. Rg7+ Ke8 43. Rg8+ Kd7 1/2-1/2

[Event "Bad Woerishofen op-A 35th"]
[Site "Bad Woerishofen"]
[Date "2019.03.23"]
[Round "9.28"]
[White "Emami, Madjid"]
[Black "Gundersen, Helge Folmer"]
[Result "1/2-1/2"]
[WhiteElo "1936"]
[BlackElo "2118"]
[PlyCount "72"]
[EventDate "2019.03.15"]
[EventType "swiss"]
[EventRounds "9"]
[EventCountry "GER"]
[SourceTitle "EXT 2020"]
[Source "ChessBase"]
[SourceDate "2019.10.17"]
[SourceVersion "1"]
[SourceVersionDate "2019.10.17"]
[SourceQuality "1"]

1. e4 e5 2. d4 exd4 3. Qxd4 Nc6 4. Qd3 Bb4+ 5. Bd2 Qe7 6. Nc3 Nf6 7. 0-0-0 d6 8. Qg3 0-0 9. f3 Be6 10. Nh3 Ne5 11. Nf4 c6 12. h4 Nc4 13. Bxc4 Bxc4 14. h5 b5 15. h6 g6 16. Nh5 Nxh5 17. Rxh5 a5 18. e5 dxe5 19. Rxe5 Be6 20. Bg5 f6 21. Qe1 Rfe8 22. Rd3 Qf7 23. Bxf6 Qxf6 24. Rde3 Kf7 25. Kb1 Bd7 26. Rxe8 Rxe8 27. Rxe8 Bxe8 28. Qe3 Bxc3 29. bxc3 a4 30. a3 Bd7 31. g4 g5 32. Qd3 Be8 33. Qxh7+ Kf8 34. Kb2 Qg6 35. Qh8+ Qg8 36. Qf6+ Qf7 1/2-1/2

[Event "Wch Seniors 65 28th"]
[Site "Bled"]
[Date "2018.11.29"]
[Round "11"]
[White "Sciupokas, Arunas"]
[Black "Gundersen, Helge Folmer"]
[Result "1/2-1/2"]
[WhiteElo "1981"]
[BlackElo "2109"]
[PlyCount "61"]
[EventDate "2018.11.18"]
[EventType "swiss"]
[EventRounds "11"]
[EventCountry "SLO"]
[SourceTitle "EXT 2020"]
[Source "ChessBase"]
[SourceDate "2019.10.17"]
[SourceVersion "1"]
[SourceVersionDate "2019.10.17"]
[SourceQuality "1"]

1. e4 e6 2. d4 d5 3. Nd2 Nc6 4. Ngf3 Nf6 5. e5 Nd7 6. Nb3 a5 7. a4 b6 8. c4 Bb4+ 9. Bd2 dxc4 10. Bxc4 Ba6 11. Bxa6 Rxa6 12. 0-0 Bxd2 13. Qxd2 Nb4 14. Ng5 Nb8 15. f4 h6 16. Nh3 g6 17. Nf2 h5 18. Ne4 Kd7 19. d5 Nxd5 20. Rac1 Ra7 21. Rfd1 Na6 22. Nf6+ Kc8 23. Nxd5 exd5 24. Qxd5 Qxd5 25. Rxd5 Rd8 26. Rxd8+ Kxd8 27. Nd4 Nb4 28. Nc6+ Nxc6 29. Rxc6 Kd7 30. Rf6 Ke7 31. Rc6 1/2-1/2

[Event "Wch Seniors 65 28th"]
[Site "Bled"]
[Date "2018.11.25"]
[Round "7"]
[White "Holzmann, Herbert"]
[Black "Gundersen, Helge Folmer"]
[Result "1/2-1/2"]
[WhiteElo "1955"]
[BlackElo "2109"]
[PlyCount "40"]
[EventDate "2018.11.18"]
[EventType "swiss"]
[EventRounds "11"]
[EventCountry "SLO"]
[SourceTitle "CBM 187 Extra"]
[Source "ChessBase"]
[SourceDate "2018.11.04"]
[SourceVersion "1"]
[SourceVersionDate "2018.11.04"]
[SourceQuality "1"]

1. Nf3 e6 2. c4 f5 3. g3 Nf6 4. Bg2 Be7 5. 0-0 0-0 6. d4 d5 7. Nc3 c6 8. Rb1 Ne4 9. cxd5 exd5 10. Ne5 Nd7 11. Qb3 Nxe5 12. dxe5 Qb6 13. Qc2 Be6 14. e3 Qc7 15. f4 a6 16. Ne2 c5 17. b4 b6 18. Ba3 Rfc8 19. Rfc1 Qa7 20. bxc5 bxc5 1/2-1/2

[Event "Wch Seniors 65 28th"]
[Site "Bled"]
[Date "2018.11.22"]
[Round "5"]
[White "Gundersen, Helge Folmer"]
[Black "Giffard, Nicolas"]
[Result "1/2-1/2"]
[WhiteElo "2109"]
[BlackElo "2249"]
[PlyCount "76"]
[EventDate "2018.11.18"]
[EventType "swiss"]
[EventRounds "11"]
[EventCountry "SLO"]
[SourceTitle "CBM 187 Extra"]
[Source "ChessBase"]
[SourceDate "2018.11.04"]
[SourceVersion "1"]
[SourceVersionDate "2018.11.04"]
[SourceQuality "1"]

1. e4 c6 2. d4 d5 3. Nc3 dxe4 4. Nxe4 Nd7 5. Nf3 Ngf6 6. Nxf6+ Nxf6 7. Be2 Bg4 8. 0-0 e6 9. c3 Be7 10. Ne5 Bxe2 11. Qxe2 0-0 12. Bg5 Nd5 13. Bxe7 Qxe7 14. f4 Rad8 15. Nd3 Rfe8 16. Rae1 b6 17. Qf3 Qc7 18. Re5 Ne7 19. Ree1 c5 20. dxc5 bxc5 21. Rd1 c4 22. Ne5 f6 23. Ng4 Qb6+ 24. Qf2 Nf5 25. Qxb6 axb6 26. Kf2 b5 27. Ne3 Nd6 28. Rd4 f5 29. Rfd1 Ne4+ 30. Kf3 Ra8 31. a3 Nc5 32. Re1 Kf7 33. Re2 g6 34. Nc2 Ra6 35. Re5 Rc8 36. Nb4 Rb6 37. g3 Kf6 38. Rd2 Kf7 1/2-1/2

[Event "Bad Woerishofen op 34th"]
[Site "Bad Woerishofen"]
[Date "2018.02.25"]
[Round "4"]
[White "Hansch, Klaus Michael"]
[Black "Gundersen, Helge Folmer"]
[Result "1/2-1/2"]
[WhiteElo "1888"]
[BlackElo "2125"]
[PlyCount "39"]
[EventDate "2018.02.23"]
[EventType "swiss"]
[EventRounds "9"]
[EventCountry "GER"]
[SourceTitle "EXT 2019"]
[Source "ChessBase"]
[SourceDate "2018.10.10"]
[SourceVersion "1"]
[SourceVersionDate "2018.10.10"]
[SourceQuality "1"]

1. e4 e6 2. d4 d5 3. exd5 exd5 4. Bd3 Bd6 5. Qf3 Nc6 6. c3 Nce7 7. Bf4 Nf6 8. Bxd6 Qxd6 9. Qg3 Qb6 10. b3 0-0 11. Nf3 Bf5 12. Ne5 Bxd3 13. Qxd3 Rfe8 14. 0-0 Ne4 15. Nd2 f6 16. Nef3 Ng6 17. g3 Qe6 18. Kg2 Qg4 19. Kh1 c6 20. Ng1 1/2-1/2

[Event "Wch Seniors 65 26th"]
[Site "Marianske Lazne"]
[Date "2016.11.27"]
[Round "8"]
[White "Lind, Jan Olov"]
[Black "Gundersen, Helge Folmer"]
[Result "1/2-1/2"]
[WhiteElo "2213"]
[BlackElo "2120"]
[PlyCount "133"]
[EventDate "2016.11.19"]
[EventType "swiss"]
[EventRounds "11"]
[EventCountry "CZE"]
[SourceTitle "CBM 175 Extra"]
[Source "ChessBase"]
[SourceDate "2016.12.12"]
[SourceVersion "1"]
[SourceVersionDate "2016.12.12"]
[SourceQuality "1"]

1. e4 e6 2. Nf3 d5 3. Nc3 Nf6 4. e5 Nfd7 5. d4 c5 6. dxc5 Nc6 7. Bf4 Bxc5 8. Bd3 f6 9. exf6 Nxf6 10. Qe2 0-0 11. 0-0-0 Bd7 12. Kb1 Qe7 13. Ne5 Rae8 14. h3 Bb4 15. Bd2 Nxe5 16. Qxe5 Bd6 17. Qe2 e5 18. Bg5 Bc6 19. f3 Bb4 20. Bd2 Nh5 21. Qe1 Nf4 22. Bf1 d4 23. Ne4 Bxd2 24. Rxd2 Kh8 25. a3 b5 26. Rd1 Nd5 27. Qa5 Rb8 28. Re1 b4 29. axb4 Rxb4 30. Qc5 Rfb8 31. b3 Qxc5 32. Nxc5 Re8 33. Nd3 Rb5 34. Kc1 Ne3 35. Kd2 Ra5 36. Rg1 Rb8 37. Rc1 h6 38. Be2 g5 39. Ra1 Rbb5 40. g3 Rxa1 41. Rxa1 a5 42. Ne1 Rc5 43. c4 e4 44. fxe4 Bxe4 45. Bd3 Bc6 46. Nc2 Nxc2 47. Bxc2 a4 48. bxa4 Rxc4 49. Ra3 Bd7 50. g4 h5 51. gxh5 Rc3 52. Rxc3 dxc3+ 53. Kxc3 Bxa4 54. Bxa4 Kg7 55. Kd4 Kh8 56. Ke5 Kg7 57. Bd7 Kh6 58. Kf6 Kh7 59. Kf7 Kh8 60. Kg6 Kg8 61. Ba4 Kh8 62. Bc2 Kg8 63. Bd3 Kh8 64. Kh6 Kg8 65. Bg6 Kh8 66. Bf7 g4 67. hxg4 1/2-1/2

[Event "Wch Seniors 65 26th"]
[Site "Marianske Lazne"]
[Date "2016.11.23"]
[Round "5"]
[White "Taksrud, Vidar"]
[Black "Gundersen, Helge Folmer"]
[Result "0-1"]
[WhiteElo "1964"]
[BlackElo "2120"]
[PlyCount "50"]
[EventDate "2016.11.19"]
[EventType "swiss"]
[EventRounds "11"]
[EventCountry "CZE"]
[SourceTitle "CBM 175 Extra"]
[Source "ChessBase"]
[SourceDate "2016.12.12"]
[SourceVersion "1"]
[SourceVersionDate "2016.12.12"]
[SourceQuality "1"]

1. d4 e6 2. c4 f5 3. Nc3 Nf6 4. Bg5 Bb4 5. e3 Bxc3+ 6. bxc3 0-0 7. Bd3 d6 8. Qf3 Nbd7 9. Ne2 Qe8 10. Nf4 e5 11. Nd5 e4 12. Qxf5 Nc5 13. Nxf6+ gxf6 14. Qd5+ Be6 15. Bxe4 Bxd5 16. Bxd5+ Kg7 17. dxc5 fxg5 18. Bxb7 Rb8 19. c6 Qe5 20. 0-0 Qxc3 21. Rac1 Qe5 22. Rcd1 Rf5 23. Rd4 Rbf8 24. g4 Rf4 25. exf4 Qxd4 0-1

[Event "WchT Seniors 65"]
[Site "Radebeul"]
[Date "2016.07.02"]
[Round "7.6"]
[White "Petzold, Hans"]
[Black "Gundersen, Helge Folmer"]
[Result "1/2-1/2"]
[WhiteElo "2092"]
[BlackElo "2144"]
[PlyCount "90"]
[EventDate "2016.06.26"]
[EventType "team-swiss"]
[EventRounds "9"]
[EventCountry "GER"]
[SourceTitle "CBM 173 Extra"]
[Source "ChessBase"]
[SourceDate "2016.08.29"]
[SourceVersion "1"]
[SourceVersionDate "2016.08.29"]
[SourceQuality "1"]
[WhiteTeam "Dresden TU"]
[BlackTeam "Norway"]
[WhiteTeamCountry "GER"]
[BlackTeamCountry "NOR"]

1. e4 e6 2. d4 d5 3. Nc3 Bb4 4. e5 Qd7 5. Bd3 b6 6. Bd2 Ba6 7. Bxa6 Nxa6 8. Qg4 Bf8 9. Qe2 Nb4 10. Be3 c5 11. Nf3 Nc6 12. 0-0 h5 13. Rad1 Nh6 14. Bxh6 Rxh6 15. Rfe1 Be7 16. h4 Qb7 17. dxc5 bxc5 18. b3 Rb8 19. Na4 Qb4 20. g3 Qb5 21. Kg2 Qxe2 22. Rxe2 Rg6 23. Kh3 Rg4 24. c3 Rg6 25. Nh2 Rh6 26. f4 g6 27. Nf3 Rh8 28. Kg2 Rf8 29. Ng5 Rc8 30. Nh7 Rh8 31. Nf6+ Bxf6 32. exf6 d4 33. Nxc5 dxc3 34. Ne4 Rd8 35. Rxd8+ Kxd8 36. Nxc3 a6 37. Ne4 Kc7 38. Ng5 Rf8 39. Rd2 Nb4 40. a3 Nd5 41. Ne4 a5 42. Kf3 Rb8 43. Rd3 Rb7 44. Nc5 Rb5 45. Ne4 Rb7 1/2-1/2

[Event "WchT Seniors 65"]
[Site "Radebeul"]
[Date "2016.07.01"]
[Round "6.7"]
[White "Gundersen, Helge Folmer"]
[Black "Mueller Clostermann, Bruno"]
[Result "1-0"]
[WhiteElo "2144"]
[BlackElo "2184"]
[PlyCount "221"]
[EventDate "2016.06.26"]
[EventType "team-swiss"]
[EventRounds "9"]
[EventCountry "GER"]
[SourceTitle "CBM 173 Extra"]
[Source "ChessBase"]
[SourceDate "2016.08.29"]
[SourceVersion "1"]
[SourceVersionDate "2016.08.29"]
[SourceQuality "1"]
[WhiteTeam "Norway"]
[BlackTeam "Katernberg"]
[WhiteTeamCountry "NOR"]
[BlackTeamCountry "GER"]

1. e4 Nf6 2. Nc3 e5 3. g3 d5 4. exd5 Nxd5 5. Bg2 Nxc3 6. bxc3 Nc6 7. Nf3 Bc5 8. 0-0 0-0 9. Qe2 Re8 10. d3 Bg4 11. h3 Bh5 12. Qe4 Bg6 13. Qc4 Bb6 14. Nh4 Bh5 15. Nf3 Kh8 16. Ng5 Qf6 17. Bd5 Nd8 18. a4 c6 19. Bg2 Ne6 20. Ne4 Qd8 21. Ba3 Bc7 22. Rab1 Rb8 23. Rb3 f5 24. Nc5 Nxc5 25. Qxc5 Bf7 26. Rb2 Bb6 27. Qd6 Qg5 28. h4 Qd2 29. c4 Rbd8 30. Qb4 Qxb4 31. Bxb4 e4 32. c5 Bc7 33. Bc3 b6 34. dxe4 fxe4 35. Re1 Bd5 36. Bd4 Rb8 37. Reb1 bxc5 38. Bxc5 Rxb2 39. Rxb2 Rb8 40. Rxb8+ Bxb8 41. Kf1 Kg8 42. Ke2 Kf7 43. Ke3 h5 44. Bxe4 Bxe4 45. Kxe4 Ke6 46. Be3 a6 47. Kd4 Bd6 48. Ke4 g6 49. Bf4 Bc5 50. f3 Bf2 51. c4 Be1 52. Ke3 Kf5 53. Ke2 Bb4 54. Be3 Be7 55. Kd3 Bd6 56. Bf2 Bc7 57. Kc3 Ba5+ 58. Kd3 Bc7 59. Ke2 Bd6 60. Be1 Kf6 61. Bc3+ Kf5 62. Kf2 Be7 63. Bd4 Ke6 64. Kg2 Bf8 65. g4 Be7 66. Kg3 Bb4 67. Kf4 Be7 68. Bf2 Kf6 69. Ke4 Ke6 70. Bg3 Bf6 71. gxh5 gxh5 72. f4 Bd8 73. f5+ Kf7 74. Be1 Kf6 75. Bd2 Bb6 76. Bg5+ Kf7 77. Be3 Bd8 78. Bf2 Bf6 79. Be1 Ke7 80. Bg3 Kf7 81. Kd3 Ke7 82. c5 Kf7 83. Kc4 Be7 84. Kd4 Kf6 85. Bd6 Bd8 86. Ke4 Kf7 87. Bg3 Be7 88. Bf2 Kf6 89. Kf4 Bd8 90. Bd4+ Kf7 91. f6 Kg6 92. Be5 Ba5 93. f7 Bd2+ 94. Ke4 Kxf7 95. Kf5 Be3 96. Bd6 Bd2 97. Bg3 Be3 98. Bd6 Bd2 99. Bf4 Bxf4 100. Kxf4 Ke6 101. Kg5 Kd5 102. Kxh5 Kxc5 103. Kg4 Kd5 104. Kf4 c5 105. Ke3 Ke5 106. Kd3 Kf4 107. Kc4 Kg4 108. Kxc5 Kxh4 109. Kb6 Kg5 110. Kxa6 Kf5 111. Kb7 1-0

[Event "WchT Seniors 65"]
[Site "Radebeul"]
[Date "2016.06.29"]
[Round "4.3"]
[White "Gundersen, Helge Folmer"]
[Black "Issler, Christian"]
[Result "1/2-1/2"]
[WhiteElo "2144"]
[BlackElo "2078"]
[PlyCount "121"]
[EventDate "2016.06.26"]
[EventType "team-swiss"]
[EventRounds "9"]
[EventCountry "GER"]
[SourceTitle "CBM 173 Extra"]
[Source "ChessBase"]
[SourceDate "2016.08.29"]
[SourceVersion "1"]
[SourceVersionDate "2016.08.29"]
[SourceQuality "1"]
[WhiteTeam "Norway"]
[BlackTeam "Switzerland"]
[WhiteTeamCountry "NOR"]
[BlackTeamCountry "SUI"]

1. e4 e6 2. Qe2 d5 3. exd5 Qxd5 4. Nc3 Qd8 5. Nf3 c5 6. g3 Nc6 7. Bg2 Nf6 8. 0-0 Be7 9. d3 0-0 10. Bf4 a6 11. Rfe1 Nb4 12. Ne5 Nbd5 13. Bd2 Nxc3 14. Bxc3 Rb8 15. Rad1 Nd5 16. Bd2 Bd6 17. a3 Bd7 18. c4 Ne7 19. Bc3 Bc6 20. Nxc6 Nxc6 21. Qg4 Nd4 22. Bxd4 cxd4 23. Qxd4 Qc7 24. b4 Rfd8 25. Qc3 b6 26. d4 Be7 27. d5 exd5 28. Bxd5 Bf6 29. Qb3 Rd7 30. Qa4 a5 31. Qb5 axb4 32. axb4 Rbd8 33. Kg2 g6 34. Rd3 Kg7 35. Re2 h5 36. h4 Be7 37. Rf3 Bd6 38. Ra2 Re7 39. Ra6 Rb8 40. Rfa3 Qd8 41. Ra7 Rc7 42. Rxc7 Qxc7 43. Rf3 Rf8 44. Re3 Rd8 45. Qa4 Rd7 46. Qa1+ f6 47. Re6 Be5 48. Qa8 Rd8 49. Qa6 Rd6 50. Re8 Rd8 51. Rxd8 Qxd8 52. Qb7+ Qc7 53. Qa8 Qb8 54. Qc6 Qd6 55. Qe8 Qf8 56. Qe6 Bd6 57. f3 Bxb4 58. Qxb6 Bc5 59. Qe6 Kh6 60. g4 Qe7 61. Kg3 1/2-1/2

[Event "EU-ch Seniors 65 Rapid"]
[Site "Porto"]
[Date "2014.03.20"]
[Round "9"]
[White "Gundersen, Helge Folmer"]
[Black "Gaprindashvili, Nona"]
[Result "0-1"]
[WhiteElo "2162"]
[BlackElo "2244"]
[PlyCount "112"]
[EventDate "2014.03.19"]
[EventType "swiss (rapid)"]
[EventRounds "9"]
[EventCountry "POR"]
[SourceTitle "EXT 2015"]
[Source "ChessBase"]
[SourceDate "2014.11.20"]
[SourceVersion "1"]
[SourceVersionDate "2014.11.20"]
[SourceQuality "1"]

1. b3 e5 2. Bb2 f6 3. e4 Nc6 4. Bc4 g6 5. h4 Nge7 6. h5 g5 7. Qf3 Ng8 8. h6 Qe7 9. Nc3 Nb4 10. 0-0-0 c6 11. a3 Na6 12. d4 Nc7 13. d5 d6 14. dxc6 bxc6 15. Nge2 Be6 16. Bxe6 Qxe6 17. Ng3 Nxh6 18. Rxh6 g4 19. Qe3 d5 20. exd5 cxd5 21. Qd2 0-0-0 22. Rhh1 f5 23. Qg5 f4 24. Nge2 h5 25. f3 Be7 26. Qg7 Rdg8 27. Nxf4 Rxg7 28. Nxe6 Nxe6 29. Nxd5 Bg5+ 30. Kb1 gxf3 31. gxf3 Rf7 32. Bxe5 Rhh7 33. Rh3 Rf5 34. f4 Bd8 35. Rc3+ Kb7 36. Ne3 Rf8 37. Rd6 Nc7 38. Nc4 Nb5 39. Rh3 Nxd6 40. Nxd6+ Kc6 41. c4 Bf6 42. Rh2 Be7 43. Nb5 a6 44. Nd4+ Kb7 45. b4 Rg8 46. c5 h4 47. Nf5 Bd8 48. Nd6+ Kc6 49. f5 h3 50. f6 Rg1+ 51. Kc2 Rg2+ 52. Kd3 Bxf6 53. Nc4 Bxe5 54. Nxe5+ Kd5 55. Rxg2 hxg2 56. Nf3 Rh3 0-1

[Event "EU-ch Seniors 65 Rapid"]
[Site "Porto"]
[Date "2014.03.20"]
[Round "8"]
[White "Schouten, Nico"]
[Black "Gundersen, Helge Folmer"]
[Result "1/2-1/2"]
[WhiteElo "2179"]
[BlackElo "2162"]
[PlyCount "112"]
[EventDate "2014.03.19"]
[EventType "swiss (rapid)"]
[EventRounds "9"]
[EventCountry "POR"]
[SourceTitle "EXT 2015"]
[Source "ChessBase"]
[SourceDate "2014.11.20"]
[SourceVersion "1"]
[SourceVersionDate "2014.11.20"]
[SourceQuality "1"]

1. d4 e6 2. c4 f5 3. Nc3 Nf6 4. Nf3 Bb4 5. Bd2 0-0 6. e3 b6 7. Be2 Bb7 8. 0-0 a5 9. Rc1 Bxc3 10. Bxc3 Ne4 11. Ne1 d6 12. f3 Nxc3 13. Rxc3 Nd7 14. Nd3 e5 15. c5 exd4 16. exd4 Bd5 17. cxd6 cxd6 18. Nf4 Bf7 19. Bc4 Bxc4 20. Rxc4 Rc8 21. Qb3 Rxc4 22. Qxc4+ Kh8 23. Ne6 Qc8 24. Rc1 Qxc4 25. Rxc4 Re8 26. Rc7 g6 27. Rxd7 Rxe6 28. Kf2 f4 29. d5 Re3 30. Rxd6 Rd3 31. Ke2 Rd4 32. Rxb6 Rxd5 33. b4 axb4 34. Rxb4 Rg5 35. Kf2 Rc5 36. Rb2 Ra5 37. g4 Kg7 38. Ke1 Ra3 39. Rf2 Kf6 40. h4 Ke5 41. Re2+ Kd4 42. g5 Rxf3 43. Re7 Ra3 44. Kf2 Rxa2+ 45. Kf3 Rh2 46. Re4+ Kd5 47. Rxf4 Ke6 48. Kg3 Rd2 49. Ra4 Rd7 50. Kg4 Ke5 51. h5 Rd4+ 52. Rxd4 Kxd4 53. hxg6 hxg6 54. Kf4 Kd5 55. Kf3 Ke5 56. Ke3 Kf5 1/2-1/2

[Event "EU-ch Seniors 65 Rapid"]
[Site "Porto"]
[Date "2014.03.19"]
[Round "4"]
[White "Gundersen, Helge Folmer"]
[Black "Sevenyuk, Alexey"]
[Result "1-0"]
[WhiteElo "2162"]
[BlackElo "1918"]
[PlyCount "53"]
[EventDate "2014.03.19"]
[EventType "swiss (rapid)"]
[EventRounds "9"]
[EventCountry "POR"]
[SourceTitle "EXT 2015"]
[Source "ChessBase"]
[SourceDate "2014.11.20"]
[SourceVersion "1"]
[SourceVersionDate "2014.11.20"]
[SourceQuality "1"]

1. b3 e5 2. Bb2 d6 3. e3 Nf6 4. Ne2 Be7 5. d4 exd4 6. Nxd4 0-0 7. Bd3 Nbd7 8. Nf3 Nc5 9. Be2 Bf5 10. 0-0 Nfe4 11. Nd4 Bg6 12. f3 Nf6 13. e4 Nfd7 14. Nc3 Ne6 15. Nd5 Bf6 16. Nxf6+ Nxf6 17. Bc4 Qe7 18. Re1 Nxd4 19. Qxd4 Rfe8 20. g4 Qe5 21. Qxe5 dxe5 22. h4 h6 23. Rad1 c5 24. Rd6 b6 25. g5 Nh5 26. Rxg6 Red8 27. Ra1 1-0

[Event "EU-ch Seniors 65 14th"]
[Site "Porto"]
[Date "2014.03.15"]
[Round "7"]
[White "Gundersen, Helge Folmer"]
[Black "Kuindzhy, Alexander"]
[Result "0-1"]
[WhiteElo "2162"]
[BlackElo "2430"]
[PlyCount "102"]
[EventDate "2014.03.09"]
[EventType "swiss"]
[EventRounds "9"]
[EventCountry "POR"]
[SourceTitle "CBM 159 Extra"]
[Source "ChessBase"]
[SourceDate "2014.04.24"]
[SourceVersion "1"]
[SourceVersionDate "2014.04.24"]
[SourceQuality "1"]

1. b3 e5 2. Bb2 Nc6 3. e3 d5 4. Bb5 Bd6 5. f4 Qh4+ 6. g3 Qe7 7. Nf3 Bg4 8. h3 Bxf3 9. Qxf3 Nf6 10. c4 0-0 11. Bxc6 bxc6 12. 0-0 dxc4 13. bxc4 Rab8 14. Bxe5 Bxe5 15. fxe5 Qxe5 16. Nc3 Rb2 17. Rf2 Qe6 18. Qf4 Qxh3 19. Qxc7 Ng4 20. Re2 h5 21. Rf1 h4 22. gxh4 Rxd2 23. Rxd2 Qxe3+ 24. Rdf2 Nxf2 25. Rxf2 Qxc3 26. Qxc6 Qg3+ 27. Qg2 Qxh4 28. Qd5 Qg4+ 29. Kf1 Qe6 30. Re2 Qxd5 31. cxd5 Rd8 32. Rd2 Kf8 33. Ke2 Ke7 34. Ke3 Kd6 35. Rc2 Rh8 36. Rc6+ Kxd5 37. Rc7 Rh3+ 38. Kf4 Rh4+ 39. Ke3 Ke6 40. Rxa7 g5 41. a4 Rh3+ 42. Kf2 Ra3 43. a5 f5 44. a6 f4 45. Ra8 Kf5 46. a7 Ra2+ 47. Kf1 Kg4 48. Ke1 f3 49. Kd1 f2 50. Rf8 Kg3 51. Rf5 g4 0-1

[Event "EU-ch Seniors 65 14th"]
[Site "Porto"]
[Date "2014.03.09"]
[Round "1"]
[White "Thjomoe, Hans Richard"]
[Black "Gundersen, Helge Folmer"]
[Result "0-1"]
[WhiteElo "1868"]
[BlackElo "2162"]
[PlyCount "48"]
[EventDate "2014.03.09"]
[EventType "swiss"]
[EventRounds "9"]
[EventCountry "POR"]
[SourceTitle "CBM 159 Extra"]
[Source "ChessBase"]
[SourceDate "2014.04.24"]
[SourceVersion "1"]
[SourceVersionDate "2014.04.24"]
[SourceQuality "1"]

1. e4 e6 2. d4 d5 3. Nd2 Nc6 4. Ngf3 Nf6 5. e5 Nd7 6. c3 f6 7. Bb5 fxe5 8. dxe5 a6 9. Bxc6 bxc6 10. Nd4 Nxe5 11. Qh5+ Nf7 12. N2f3 g6 13. Qh4 Qxh4 14. Nxh4 c5 15. Ne2 Bd6 16. 0-0 0-0 17. Bd2 e5 18. Rae1 e4 19. Ng3 Bd7 20. f4 Rae8 21. Be3 Be7 22. Nf3 exf3 23. gxf3 Nh6 24. Kh1 Nf5 0-1

[Event "Wch Seniors 23rd"]
[Site "Opatija"]
[Date "2013.11.18"]
[Round "6"]
[White "Gundersen, Helge Folmer"]
[Black "Baeta, Marcio Netto"]
[Result "1/2-1/2"]
[WhiteElo "2183"]
[BlackElo "2068"]
[PlyCount "85"]
[EventDate "2013.11.12"]
[EventType "swiss"]
[EventRounds "11"]
[EventCountry "CRO"]
[SourceTitle "CBM 157 Extra"]
[Source "ChessBase"]
[SourceDate "2013.12.19"]
[SourceVersion "1"]
[SourceVersionDate "2013.12.19"]
[SourceQuality "1"]

1. e4 Nf6 2. Nc3 d5 3. e5 Nfd7 4. d4 e6 5. f4 c5 6. Nf3 Nc6 7. Be3 cxd4 8. Nxd4 Bb4 9. Qd2 Nc5 10. Bd3 Nxd3+ 11. Qxd3 0-0 12. 0-0 f6 13. exf6 gxf6 14. Nf3 Kh8 15. Rad1 Ne7 16. Bd4 Nf5 17. Kh1 Qc7 18. g3 Bd7 19. Rfe1 Rae8 20. Re2 a6 21. a3 Bd6 22. Rde1 Nxd4 23. Qxd4 Bc5 24. Qd2 Qb6 25. b4 Bd6 26. Nd4 Bb8 27. f5 e5 28. Nf3 d4 29. Nh4 Kg7 30. Ne4 Bc6 31. Kg2 Bd5 32. g4 Rc8 33. g5 Rg8 34. Kf1 Bxe4 35. Rxe4 fxg5 36. Qxg5+ Kf8 37. Ng6+ hxg6 38. Rxe5 Bxe5 39. Rxe5 Qd6 40. Re6 Qd8 41. Qh6+ Kf7 42. Rxg6 Rxg6 43. Qxg6+ 1/2-1/2